| 000 | 00873nac a22002777a 4500 | ||
|---|---|---|---|
| 001 | BR8305271 | ||
| 003 | BR-BrBNA | ||
| 005 | 20240105115846.0 | ||
| 008 | 230509b bl.|||m| |||| 00| 0 por d | ||
| 040 |
_aBR-BrBNA _bpor _cBiblioteca Nacional de Agricultura |
||
| 072 | _aC00 | ||
| 090 | _aC00 BR8305271 | ||
| 110 | 1 | _aEscola Superior de Agricultura de Lavras, MG (Brasil) | |
| 245 | 1 | _aRelatorio de Atividades 1980-1983 [Escola Superior de Agricultura de Lavras, Brasil] | |
| 260 | 3 |
_aLavras, MG (Brasil): _c1983. |
|
| 300 | _a45 p. | ||
| 490 |
_aRelatorio - Escola Superior de Agricultura de Lavras (Brazil) _v _x |
||
| 500 | _a13 illus. | ||
| 650 | _aENSINO SUPERIOR | ||
| 650 | _aPESQUISA AGRICOLA | ||
| 650 | _aEXTENSAO RURAL | ||
| 650 | _aLAVRAS | ||
| 650 | _aMINAS GERAIS | ||
| 909 |
_a202312 _bLúcia Elande _c55 _dLúcia Elande |
||
| 942 |
_2AGRIS _n0 _cMS |
||
| 999 |
_c276749 _d276749 |
||